Fontane als Biograph /

Bibliographic Details
Other Authors: Berbig, Roland, 1954-
Format: Book
Language:German
Published: Berlin ; New York : De Gruyter, [2010]
Series:Schriften der Theodor Fontane Gesellschaft ; Bd. 7.
Subjects:

MARC

Tag First Indicator Second Indicator Subfields
LEADER 00000cam a2200000 a 4500
001 in00002587813
005 20151201153528.0
008 100330s2010 gw a b 001 0 ger
010 |a  2010013659 
015 |a 10,N15  |2 dnb 
016 7 |a 1001392329  |2 DE-101 
020 |a 9783110224788 (alk. paper) 
020 |a 311022478X (alk. paper) 
029 1 |a OHX  |b har105007945 
029 1 |a HEBIS  |b 224417932 
029 1 |a GWDNB  |b 1001392329 
035 |a (OCoLC)ocn591788392 
035 |a (OCoLC)591788392 
040 |a DLC  |c DLC  |d YDXCP  |d OHX  |d GWDNB  |d C#P  |d BWX  |d HEBIS  |d UtOrBLW 
049 |a TXAM 
050 0 0 |a PT1863.Z7  |b F573 2010 
082 0 0 |a 833/.7  |2 22 
245 0 0 |a Fontane als Biograph /  |c herausgegeben von Roland Berbig. 
264 1 |a Berlin ;  |a New York :  |b De Gruyter,  |c [2010] 
264 4 |c ©2010 
300 |a vi, 281 pages :  |b illustrations ;  |c 24 cm. 
336 |a text  |b txt  |2 rdacontent 
337 |a unmediated  |b n  |2 rdamedia 
338 |a volume  |b nc  |2 rdacarrier 
490 1 |a Schriften der Theodor Fontane Gesellschaft,  |x 1861-4396 ;  |v Bd. 7 
504 |a Includes bibliographical references and index. 
600 1 0 |a Fontane, Theodor,  |d 1819-1898  |x Criticism and interpretation. 
600 1 7 |a Fontane, Theodor.  |2 swd 
650 0 7 |a Biographie.  |2 swd 
650 0 7 |a Das @Autobiographische.  |2 swd 
651 7 |a Berlin <2007>.  |2 swd 
700 1 |a Berbig, Roland,  |d 1954- 
830 0 |a Schriften der Theodor Fontane Gesellschaft ;  |v Bd. 7. 
938 |a YBP Library Services  |b YANK  |n 3295155 
938 |a Otto Harrassowitz  |b HARR  |n har105007945 
938 |a Blackwell Book Service  |b BBUS  |n R1856520  |c $140.00 
945 |a PromptCat  |b 47415 
946 |a stk 
947 |a A14840217961 
994 |a 92  |b TXA 
948 |a Cataloged  |b h  |c 2010/8/16  |d c  |e ibarton 
999 |a MARS 
999 f f |s b9adc680-4bb3-3cb0-bc7e-b05009863a2b  |i 7bc66ed3-8c6a-3e68-973f-e047160acbe3  |t 0 
952 f f |p normal  |a Texas A&M University  |b College Station  |c Sterling C. Evans Library  |d Evans: Library Stacks  |t 0  |e PT1863.Z7 F573 2010  |h Library of Congress classification  |i unmediated -- volume  |m A14840217961 
998 f f |a PT1863.Z7 F573 2010  |t 0  |l Evans: Library Stacks